000 00450nam a2200181Ia 4500
005 20250423100814.0
008 250422s9999 xx 000 0 und d
020 _a9781397756
050 _aQ 180.55.M48 .A85/
100 _aAsika, Nnamdi
245 0 _aResearch methodology in the behavioural science
260 _aLagos
260 _bLongman Nigeria Plc
260 _c1991
300 _a194 p
650 _aResearch methodology
942 _cBK
999 _c34391
_d34391